[Event "MP do 16 lat - chlopcy"]
[Site "Sypniewo"]
[Date "2022.03.26"]
[Round "8.21"]
[White "Garwacki, Kornel"]
[Black "Starosciak, Szymon"]
[Result "0-1"]
[BlackElo "1921"]
[WhiteElo "1512"]
[LiveChessVersion "1.4.8"]

1. e4 {[%clk 1:30:57]} c6 {[%clk 1:30:55]} 2. d4 {[%clk 1:31:09]} d5
{[%clk 1:31:18]} 3. Nc3 {[%clk 1:31:37]} dxe4 {[%clk 1:31:39]} 4. Nxe4
{[%clk 1:32:04]} Bf5 {[%clk 1:31:59]} 5. Ng3 {[%clk 1:32:29]} Bg6
{[%clk 1:32:25]} 6. h4 {[%clk 1:32:54]} h6 {[%clk 1:32:48]} 7. h5
{[%clk 1:33:21]} Bh7 {[%clk 1:33:13]} 8. Nf3 {[%clk 1:33:48]} Nd7
{[%clk 1:33:14]} 9. Bd3 {[%clk 1:34:08]} Bxd3 {[%clk 1:33:31]} 10. Qxd3
{[%clk 1:34:36]} e6 {[%clk 1:33:28]} 11. Bd2 {[%clk 1:34:42]} Ngf6
{[%clk 1:33:06]} 12. O-O-O {[%clk 1:34:48]} Be7 {[%clk 1:33:07]} 13. Kb1
{[%clk 1:35:04]} c5 {[%clk 1:19:30]} 14. c3 {[%clk 1:28:34]} Qb6 {[%clk 1:13:19]}
15. Ne2 {[%clk 1:24:48]} O-O-O {[%clk 1:11:11]} 16. Qc4 {[%clk 1:21:04]} Kb8
{[%clk 1:06:54]} 17. Bf4+ {[%clk 1:16:39]} Ka8 {[%clk 1:07:00]} 18. Ne5
{[%clk 1:09:04]} Nxe5 {[%clk 1:06:11]} 19. Bxe5 {[%clk 1:08:32]} Rc8
{[%clk 1:01:20]} 20. Qb3 {[%clk 1:04:12]} Qc6 {[%clk 0:57:42]} 21. Bxf6
{[%clk 1:00:56]} Bxf6 {[%clk 0:57:46]} 22. d5 {[%clk 1:00:46]} Qa6
{[%clk 0:57:14]} 23. Rhe1 {[%clk 0:57:42]} exd5 {[%clk 0:55:27]} 24. Rxd5
{[%clk 0:51:52]} Rhe8 {[%clk 0:53:56]} 25. Qd1 {[%clk 0:48:35]} Qe6
{[%clk 0:47:06]} 26. Ka1 {[%clk 0:47:29]} Rcd8 {[%clk 0:43:41]} 27. Rxd8+
{[%clk 0:45:34]} Rxd8 {[%clk 0:44:06]} 28. Qc2 {[%clk 0:42:03]} Re8
{[%clk 0:40:37]} 29. Qd2 {[%clk 0:39:54]} a6 {[%clk 0:39:43]} 30. a3
{[%clk 0:39:42]} c4 {[%clk 0:33:22]} 31. Ka2 {[%clk 0:34:30]} Ka7
{[%clk 0:25:31]} 32. f3 {[%clk 0:31:18]} Bd8 {[%clk 0:21:10]} 33. Qd4+
{[%clk 0:25:28]} Bb6 {[%clk 0:21:23]} 34. Qd2 {[%clk 0:25:38]} Bf2
{[%clk 0:20:49]} 35. Rf1 {[%clk 0:25:17]} Bc5 {[%clk 0:18:05]} 36. Nd4
{[%clk 0:21:45]} Qe3 {[%clk 0:15:47]} 37. Qxe3 {[%clk 0:18:04]} Rxe3
{[%clk 0:16:11]} 38. Nf5 {[%clk 0:18:01]} Re2 {[%clk 0:16:03]} 39. g4
{[%clk 0:17:51]} Bf8 {[%clk 0:16:08]} 40. Kb1 {[%clk 0:43:32]} g6
{[%clk 0:39:21]} 41. hxg6 {[%clk 0:43:20]} fxg6 {[%clk 0:39:45]} 42. Nd4
{[%clk 0:43:03]} Re3 {[%clk 0:35:05]} 43. Rh1 {[%clk 0:39:21]} b5
{[%clk 0:30:37]} 44. Kc2 {[%clk 0:38:03]} Kb6 {[%clk 0:30:24]} 45. Kd2
{[%clk 0:37:31]} Re5 {[%clk 0:28:45]} 46. Re1 {[%clk 0:33:21]} Rxe1
{[%clk 0:27:38]} 47. Kxe1 {[%clk 0:33:50]} Bd6 {[%clk 0:21:29]} 48. Ne6
{[%clk 0:32:43]} h5 {[%clk 0:20:38]} 49. gxh5 {[%clk 0:30:37]} gxh5
{[%clk 0:20:59]} 50. Kf2 {[%clk 0:30:25]} Ka5 {[%clk 0:20:44]} 51. Ng7
{[%clk 0:19:45]} Ka4 {[%clk 0:18:04]} 52. Nf5 {[%clk 0:17:47]} Bf4
{[%clk 0:17:49]} 53. Ne3 {[%clk 0:16:22]} Kb3 {[%clk 0:17:29]} 54. Nd1
{[%clk 0:16:34]} a5 {[%clk 0:15:16]} 55. Kf1 {[%clk 0:15:16]} a4 {[%clk 0:14:57]}
56. Kf2 {[%clk 0:14:25]} Kc2 {[%clk 0:14:52]} 57. Ne3+ {[%clk 0:14:07]} Kxb2
{[%clk 0:15:11]} 58. Nd5 {[%clk 0:14:27]} Bd6 {[%clk 0:15:22]} 59. f4
{[%clk 0:14:41]} Kxa3 0-1

[Event "MP do 16 lat - chlopcy"]
[Site "Sypniewo"]
[Date "2022.03.26"]
[Round "8.22"]
[White "Karut, Kacper"]
[Black "Bancarewicz, Aleks"]
[Result "0-1"]
[BlackElo "1870"]
[WhiteElo "1763"]
[LiveChessVersion "1.4.8"]

1. e4 {[%clk 1:30:56]} c5 {[%clk 1:30:52]} 2. Nf3 {[%clk 1:31:22]} d6
{[%clk 1:31:16]} 3. d4 {[%clk 1:31:48]} cxd4 {[%clk 1:31:39]} 4. Nxd4
{[%clk 1:32:15]} Nf6 {[%clk 1:32:02]} 5. Nc3 {[%clk 1:32:40]} a6 {[%clk 1:32:27]}
6. f3 {[%clk 1:33:02]} e5 {[%clk 1:32:22]} 7. Nb3 {[%clk 1:33:28]} Be6
{[%clk 1:32:30]} 8. Be3 {[%clk 1:33:51]} Be7 {[%clk 1:32:38]} 9. Qd2
{[%clk 1:34:07]} h5 {[%clk 1:32:45]} 10. Nd5 {[%clk 1:32:02]} Nxd5
{[%clk 1:32:59]} 11. exd5 {[%clk 1:32:26]} Bf5 {[%clk 1:33:22]} 12. Bd3
{[%clk 1:21:48]} Bxd3 {[%clk 1:31:04]} 13. Qxd3 {[%clk 1:21:44]} Nd7
{[%clk 1:28:54]} 14. c4 {[%clk 1:17:20]} O-O {[%clk 1:23:43]} 15. O-O
{[%clk 1:14:26]} b6 {[%clk 1:22:47]} 16. f4 {[%clk 1:05:04]} Bf6 {[%clk 1:14:03]}
17. Qe2 {[%clk 0:55:20]} g6 {[%clk 1:00:39]} 18. f5 {[%clk 0:53:31]} Qe7
{[%clk 0:51:22]} 19. fxg6 {[%clk 0:48:06]} fxg6 {[%clk 0:51:44]} 20. Rae1
{[%clk 0:46:42]} Bg5 {[%clk 0:41:00]} 21. Nd2 {[%clk 0:40:21]} a5
{[%clk 0:35:31]} 22. Bxg5 {[%clk 0:36:35]} Qxg5 {[%clk 0:36:00]} 23. Ne4
{[%clk 0:36:49]} Qe7 {[%clk 0:36:00]} 24. Qe3 {[%clk 0:34:51]} Kg7
{[%clk 0:35:18]} 25. Qa3 {[%clk 0:24:31]} Nc5 {[%clk 0:32:02]} 26. Nxc5
{[%clk 0:22:45]} bxc5 {[%clk 0:30:47]} 27. Rxf8 {[%clk 0:22:16]} Qxf8
{[%clk 0:19:56]} 28. Rf1 {[%clk 0:20:34]} Qe7 {[%clk 0:20:08]} 29. Qc3
{[%clk 0:20:43]} a4 {[%clk 0:19:28]} 30. g3 {[%clk 0:16:59]} h4 {[%clk 0:16:45]}
31. Qc2 {[%clk 0:11:22]} Rb8 {[%clk 0:15:47]} 32. b3 {[%clk 0:08:35]} axb3
{[%clk 0:12:06]} 33. axb3 {[%clk 0:09:03]} Rf8 {[%clk 0:11:44]} 34. Rxf8
{[%clk 0:06:04]} Qxf8 {[%clk 0:12:12]} 35. Qe4 {[%clk 0:05:29]} hxg3
{[%clk 0:10:30]} 36. hxg3 {[%clk 0:05:56]} Qf5 {[%clk 0:07:32]} 37. Qe3
{[%clk 0:05:07]} g5 {[%clk 0:06:35]} 38. Qc3 {[%clk 0:02:18]} g4 {[%clk 0:06:06]}
39. Qa5 {[%clk 0:00:52]} Qb1+ {[%clk 0:05:25]} 40. Kf2 {[%clk 0:30:54]} Qc2+
{[%clk 0:35:32]} 41. Ke1 {[%clk 0:27:18]} Qe4+ {[%clk 0:24:52]} 42. Kd2
{[%clk 0:23:18]} Qg2+ {[%clk 0:21:35]} 43. Kc1 {[%clk 0:22:55]} Qf1+
{[%clk 0:21:44]} 44. Kb2 {[%clk 0:21:22]} Qf6 {[%clk 0:21:55]} 45. Qc7+
{[%clk 0:17:35]} Kg6 {[%clk 0:22:11]} 46. Ka3 {[%clk 0:17:06]} e4
{[%clk 0:21:24]} 47. Ka4 {[%clk 0:17:26]} e3 {[%clk 0:19:29]} 48. Qd7
{[%clk 0:16:52]} Kg5 {[%clk 0:18:09]} 49. Qe8 {[%clk 0:15:29]} Qe5
{[%clk 0:15:42]} 50. Qg8+ {[%clk 0:14:23]} Kf5 {[%clk 0:15:51]} 51. Qh7+
{[%clk 0:14:35]} Kf6 {[%clk 0:16:10]} 52. Qh6+ {[%clk 0:13:08]} Ke7
{[%clk 0:16:01]} 53. Qh7+ {[%clk 0:07:15]} Kd8 {[%clk 0:13:54]} 54. Ka5
{[%clk 0:05:14]} e2 {[%clk 0:11:56]} 55. Qg8+ {[%clk 0:04:50]} Qe8
{[%clk 0:11:54]} 56. Qg5+ {[%clk 0:05:00]} Qe7 {[%clk 0:12:11]} 57. Qg8+
{[%clk 0:05:04]} Kc7 {[%clk 0:12:34]} 0-1

[Event "MP do 16 lat - chlopcy"]
[Site "Sypniewo"]
[Date "2022.03.26"]
[Round "8.23"]
[White "Wesolek, Krzysztof"]
[Black "Kotowicz, Kamil"]
[Result "1/2-1/2"]
[BlackElo "1764"]
[WhiteElo "1651"]
[LiveChessVersion "1.4.8"]

1. e4 {[%clk 1:30:58]} e6 {[%clk 1:30:42]} 2. d4 {[%clk 1:31:24]} d5
{[%clk 1:31:09]} 3. e5 {[%clk 1:31:45]} c5 {[%clk 1:31:34]} 4. c3
{[%clk 1:32:11]} Nc6 {[%clk 1:31:56]} 5. Nf3 {[%clk 1:32:36]} Qb6
{[%clk 1:32:20]} 6. Bd3 {[%clk 1:31:49]} Bd7 {[%clk 1:32:28]} 7. dxc5
{[%clk 1:24:16]} Bxc5 {[%clk 1:32:18]} 8. O-O {[%clk 1:24:42]} Rc8
{[%clk 1:31:26]} 9. Nbd2 {[%clk 1:24:16]} Qc7 {[%clk 1:30:00]} 10. Qe2
{[%clk 1:21:54]} Nge7 {[%clk 1:29:50]} 11. Nb3 {[%clk 1:13:38]} Bb6
{[%clk 1:29:52]} 12. Re1 {[%clk 1:12:35]} Ng6 {[%clk 1:29:48]} 13. Bd2
{[%clk 1:12:22]} a6 {[%clk 1:24:49]} 14. Rac1 O-O {[%clk 1:19:57]} 15. h4
{[%clk 1:10:07]} f5 {[%clk 1:16:29]} 16. c4 {[%clk 0:56:44]} Nge7
{[%clk 1:13:41]} 17. cxd5 {[%clk 0:53:24]} Nxd5 {[%clk 1:12:54]} 18. Bc4
{[%clk 0:51:52]} Nde7 {[%clk 1:12:32]} 19. Ng5 {[%clk 0:50:30]} Nd5
{[%clk 1:08:35]} 20. Bxd5 {[%clk 0:48:59]} exd5 {[%clk 1:08:58]} 21. e6
{[%clk 0:42:26]} Rce8 {[%clk 1:05:18]} 22. Qd3 {[%clk 0:32:03]} Bc8
{[%clk 1:04:14]} 23. e7 {[%clk 0:19:00]} Rxe7 {[%clk 1:01:09]} 24. Qxd5+
{[%clk 0:19:25]} Kh8 {[%clk 1:00:38]} 25. Rxe7 {[%clk 0:19:13]} Qxe7
{[%clk 1:01:04]} 26. Re1 {[%clk 0:19:20]} Qd7 {[%clk 0:58:29]} 27. Qc4
{[%clk 0:13:13]} h6 {[%clk 0:57:46]} 28. Nf3 {[%clk 0:09:07]} Re8
{[%clk 0:56:13]} 29. Bc3 {[%clk 0:05:20]} Rxe1+ {[%clk 0:54:59]} 30. Nxe1
{[%clk 0:05:48]} Qe6 {[%clk 0:54:54]} 31. Qd3 {[%clk 0:04:41]} Bc7
{[%clk 0:47:33]} 32. Nf3 {[%clk 0:05:02]} b6 {[%clk 0:43:10]} 33. Nbd4
{[%clk 0:02:31]} Qe4 {[%clk 0:37:34]} 34. Qxe4 {[%clk 0:01:30]} fxe4
{[%clk 0:38:03]} 35. Nd2 {[%clk 0:00:34]} Nxd4 {[%clk 0:37:11]} 36. Bxd4
{[%clk 0:01:02]} Bb7 {[%clk 0:37:41]} 37. Nc4 {[%clk 0:00:36]} b5
{[%clk 0:37:30]} 38. Ne3 {[%clk 0:00:46]} Kh7 {[%clk 0:36:53]} 39. Nf5
{[%clk 0:00:40]} g6 {[%clk 0:35:03]} 40. Ne3 {[%clk 0:31:03]} g5 {[%clk 1:03:36]}
41. hxg5 {[%clk 0:21:20]} hxg5 {[%clk 1:03:45]} 42. a3 {[%clk 0:18:58]} Kg6
{[%clk 1:02:04]} 43. Kf1 {[%clk 0:17:49]} Kf7 {[%clk 1:00:47]} 44. Ke2
{[%clk 0:14:02]} Ke6 {[%clk 1:00:06]} 45. g3 {[%clk 0:12:26]} Be5
{[%clk 0:54:16]} 46. Bc3 {[%clk 0:08:16]} Bxc3 {[%clk 0:51:24]} 47. bxc3
{[%clk 0:08:45]} Bd5 {[%clk 0:46:11]} 48. Kd2 {[%clk 0:08:34]} Bb3 1/2-1/2

[Event "MP do 16 lat - chlopcy"]
[Site "Sypniewo"]
[Date "2022.03.26"]
[Round "8.24"]
[White "Grzadka, Artur"]
[Black "Wiatrowski, Zbigniew"]
[Result "1/2-1/2"]
[BlackElo "1880"]
[WhiteElo "1710"]
[LiveChessVersion "1.4.8"]

1. c4 {[%clk 1:30:52]} c5 {[%clk 1:30:56]} 2. Nc3 {[%clk 1:31:14]} Nf6
{[%clk 1:31:18]} 3. g3 {[%clk 1:31:26]} d5 {[%clk 1:31:43]} 4. cxd5
{[%clk 1:31:34]} Nxd5 {[%clk 1:32:11]} 5. Bg2 {[%clk 1:31:58]} Nc7
{[%clk 1:32:35]} 6. Nf3 {[%clk 1:31:52]} Nc6 {[%clk 1:32:59]} 7. a4
{[%clk 1:31:16]} e5 {[%clk 1:32:00]} 8. d3 {[%clk 1:30:41]} Be7 {[%clk 1:32:18]}
9. O-O {[%clk 1:30:39]} O-O {[%clk 1:32:45]} 10. Nd2 {[%clk 1:29:55]} Be6
{[%clk 1:28:11]} 11. a5 {[%clk 1:27:18]} Qd7 {[%clk 1:24:13]} 12. Nc4
{[%clk 1:22:56]} Bh3 {[%clk 1:19:44]} 13. Bxh3 {[%clk 1:15:51]} Qxh3
{[%clk 1:20:09]} 14. f4 {[%clk 1:15:36]} exf4 {[%clk 0:58:49]} 15. Bxf4
{[%clk 1:15:38]} Ne6 {[%clk 0:57:04]} 16. Nd5 {[%clk 1:14:18]} Rfe8
{[%clk 0:49:04]} 17. e4 {[%clk 1:07:49]} Ncd4 {[%clk 0:46:24]} 18. Nce3
{[%clk 1:04:17]} h5 {[%clk 0:38:42]} 19. Be5 {[%clk 0:58:48]} Rad8
{[%clk 0:34:13]} 20. Bxd4 {[%clk 0:55:46]} cxd4 {[%clk 0:33:24]} 21. Ng2
{[%clk 0:45:18]} Qg4 {[%clk 0:27:32]} 22. Ngf4 {[%clk 0:42:42]} Qxd1
{[%clk 0:24:26]} 23. Rfxd1 {[%clk 0:39:40]} Bg5 {[%clk 0:19:05]} 24. Nxh5
{[%clk 0:31:53]} Be3+ {[%clk 0:14:41]} 25. Kg2 {[%clk 0:19:41]} Rc8
{[%clk 0:13:30]} 26. Nb4 {[%clk 0:18:28]} Rc5 {[%clk 0:12:54]} 27. Nf4
{[%clk 0:18:19]} Rb5 {[%clk 0:08:17]} 28. Nfd5 {[%clk 0:17:51]} Kf8
{[%clk 0:07:41]} 29. h4 {[%clk 0:16:23]} Rc8 {[%clk 0:07:27]} 30. Kf3
{[%clk 0:16:02]} Rcc5 {[%clk 0:06:57]} 31. a6 {[%clk 0:09:33]} b6
{[%clk 0:07:00]} 32. Ra4 {[%clk 0:08:17]} Bc1 {[%clk 0:05:46]} 33. b3
{[%clk 0:08:05]} Bb2 {[%clk 0:05:52]} 34. Rb1 {[%clk 0:06:31]} Bc3
{[%clk 0:05:39]} 35. Nc2 {[%clk 0:04:59]} Ra5 {[%clk 0:03:52]} 36. Na3
{[%clk 0:02:02]} Rxa4 {[%clk 0:02:12]} 37. bxa4 {[%clk 0:02:31]} Ra5
{[%clk 0:01:37]} 38. Nb5 {[%clk 0:02:06]} Rxa4 {[%clk 0:01:26]} 39. Nxa7
{[%clk 0:02:26]} Rxa6 {[%clk 0:01:52]} 40. Rxb6 {[%clk 0:32:18]} Rxb6
{[%clk 0:31:28]} 41. Nxb6 {[%clk 0:32:46]} Be1 {[%clk 0:27:01]} 42. Na4
{[%clk 0:30:34]} Ke7 {[%clk 0:26:03]} 43. Nb5 {[%clk 0:29:41]} Kd7
{[%clk 0:24:23]} 44. Na3 {[%clk 0:29:34]} Kc6 {[%clk 0:22:19]} 45. Nc2
{[%clk 0:29:06]} Ba5 {[%clk 0:22:23]} 46. Nb2 {[%clk 0:27:49]} Kc5
{[%clk 0:22:24]} 47. Nc4 {[%clk 0:27:17]} Bc7 {[%clk 0:22:22]} 48. e5
{[%clk 0:24:29]} g6 {[%clk 0:19:05]} 49. g4 {[%clk 0:21:36]} Ng7 {[%clk 0:16:59]}
50. Nd6 {[%clk 0:14:35]} Bxd6 {[%clk 0:12:53]} 51. exd6 {[%clk 0:14:58]} Kxd6
{[%clk 0:13:22]} 52. Nxd4 {[%clk 0:14:52]} Kd5 {[%clk 0:13:11]} 53. Ke3
{[%clk 0:15:05]} Ne8 {[%clk 0:09:49]} 54. Ne2 {[%clk 0:14:32]} Nf6
{[%clk 0:09:17]} 55. Nc3+ {[%clk 0:13:32]} Ke6 {[%clk 0:08:44]} 56. Kf4
{[%clk 0:13:51]} Nh7 {[%clk 0:08:06]} 57. d4 {[%clk 0:09:32]} f6 {[%clk 0:06:41]}
58. d5+ {[%clk 0:08:40]} Kd6 {[%clk 0:04:55]} 59. h5 {[%clk 0:08:02]} Nf8
{[%clk 0:05:01]} 60. h6 {[%clk 0:05:38]} Nh7 {[%clk 0:04:23]} 61. Ne4+
{[%clk 0:03:48]} Kxd5 {[%clk 0:03:51]} 62. Nxf6+ {[%clk 0:04:12]} Nxf6
{[%clk 0:04:20]} 63. Kg5 {[%clk 0:04:33]} Ke6 {[%clk 0:04:07]} 64. Kxg6
{[%clk 0:04:06]} Nxg4 {[%clk 0:04:28]} 65. h7 {[%clk 0:04:35]} Ne5+
{[%clk 0:04:51]} 66. Kg7 {[%clk 0:04:59]} Nf7 {[%clk 0:05:14]} 1/2-1/2

[Event "MP do 16 lat - chlopcy"]
[Site "Sypniewo"]
[Date "2022.03.26"]
[Round "8.25"]
[White "Goral, Jan"]
[Black "Bochenek, Ryszard"]
[Result "1-0"]
[BlackElo "1530"]
[WhiteElo "1618"]
[LiveChessVersion "1.4.8"]

1. d4 {[%clk 1:30:57]} Nf6 {[%clk 1:30:56]} 2. c4 {[%clk 1:31:23]} e5
{[%clk 1:31:19]} 3. dxe5 {[%clk 1:31:46]} Ng4 {[%clk 1:31:46]} 4. Bf4
{[%clk 1:32:02]} Nc6 {[%clk 1:25:46]} 5. Nf3 {[%clk 1:32:18]} Bb4+
{[%clk 1:23:13]} 6. Nbd2 {[%clk 1:32:28]} Qe7 {[%clk 1:22:44]} 7. e3
{[%clk 1:32:31]} Ngxe5 {[%clk 1:22:24]} 8. Nxe5 {[%clk 1:32:44]} Nxe5
{[%clk 1:22:49]} 9. a3 {[%clk 1:32:58]} Bxd2+ {[%clk 1:22:21]} 10. Qxd2
{[%clk 1:33:22]} a5 {[%clk 1:22:24]} 11. Qc3 {[%clk 1:32:31]} d6 {[%clk 1:18:30]}
12. c5 {[%clk 1:31:18]} O-O {[%clk 1:15:19]} 13. cxd6 {[%clk 1:28:50]} cxd6
{[%clk 1:15:42]} 14. Be2 {[%clk 1:19:57]} Bf5 {[%clk 1:13:26]} 15. Rd1
{[%clk 1:17:31]} Rfd8 {[%clk 1:07:18]} 16. O-O {[%clk 1:17:04]} f6
{[%clk 0:58:07]} 17. Rd2 {[%clk 1:10:28]} b6 {[%clk 0:54:51]} 18. Qb3+
{[%clk 1:03:40]} Be6 {[%clk 0:51:35]} 19. Qxb6 {[%clk 1:02:44]} d5
{[%clk 0:50:12]} 20. Rfd1 {[%clk 0:56:49]} Rdb8 {[%clk 0:48:04]} 21. Qd4
{[%clk 0:56:38]} Nc6 {[%clk 0:48:10]} 22. Qa4 {[%clk 0:55:29]} Ne5
{[%clk 0:47:44]} 23. h3 {[%clk 0:51:17]} Qb7 {[%clk 0:36:44]} 24. Rc1
{[%clk 0:44:58]} Rd8 {[%clk 0:34:38]} 25. Rc5 {[%clk 0:35:21]} Qb6
{[%clk 0:32:14]} 26. Rb5 {[%clk 0:26:35]} Qa7 {[%clk 0:32:37]} 27. Qd4
{[%clk 0:22:31]} Nc6 {[%clk 0:29:32]} 28. Qxa7 {[%clk 0:22:11]} Rxa7
{[%clk 0:29:52]} 29. Rb6 {[%clk 0:19:16]} Rc8 {[%clk 0:29:15]} 30. Bf3
{[%clk 0:18:30]} Kf8 {[%clk 0:14:12]} 31. Bxd5 {[%clk 0:16:20]} Bxd5
{[%clk 0:13:00]} 32. Rxd5 {[%clk 0:16:37]} Ke7 {[%clk 0:12:55]} 33. Rb3
{[%clk 0:13:37]} a4 {[%clk 0:12:16]} 34. Rc3 {[%clk 0:12:57]} Rb7
{[%clk 0:10:45]} 35. Rdc5 {[%clk 0:11:12]} Kd7 {[%clk 0:10:52]} 36. Rd3+
{[%clk 0:11:27]} Ke7 {[%clk 0:11:07]} 37. Rd2 {[%clk 0:11:14]} g5
{[%clk 0:10:39]} 38. Bg3 {[%clk 0:10:48]} h6 {[%clk 0:10:33]} 39. Rc4
{[%clk 0:10:19]} Ra7 {[%clk 0:10:37]} 40. Rd6 {[%clk 0:40:16]} Ra6
{[%clk 0:40:19]} 41. Re4+ {[%clk 0:40:04]} Kf7 {[%clk 0:40:06]} 42. Ree6
{[%clk 0:40:06]} h5 {[%clk 0:39:35]} 43. Rxf6+ {[%clk 0:40:25]} Ke7
{[%clk 0:39:45]} 44. h4 {[%clk 0:39:46]} g4 {[%clk 0:39:16]} 45. Bf4
{[%clk 0:39:24]} Rb6 {[%clk 0:38:40]} 46. Bg5 {[%clk 0:39:27]} Ra6
{[%clk 0:38:37]} 47. Rxc6 {[%clk 0:39:13]} 1-0

[Event "MP do 16 lat - chlopcy"]
[Site "Sypniewo"]
[Date "2022.03.26"]
[Round "8.26"]
[White "Biesiadecki, Adam"]
[Black "Bajer, Tomasz"]
[Result "1-0"]
[BlackElo "1460"]
[WhiteElo "1916"]
[LiveChessVersion "1.4.8"]

1. d4 {[%clk 1:30:55]} Nf6 {[%clk 1:30:56]} 2. Nf3 {[%clk 1:31:19]} g6
{[%clk 1:31:19]} 3. c4 {[%clk 1:31:43]} Bg7 {[%clk 1:31:44]} 4. Nc3
{[%clk 1:32:05]} d6 {[%clk 1:32:07]} 5. e4 {[%clk 1:32:29]} O-O {[%clk 1:32:30]}
6. Be2 {[%clk 1:32:48]} Bg4 {[%clk 1:32:06]} 7. Be3 {[%clk 1:32:58]} Nbd7
{[%clk 1:31:45]} 8. h3 {[%clk 1:32:57]} Bxf3 {[%clk 1:32:08]} 9. Bxf3
{[%clk 1:33:18]} c5 {[%clk 1:31:32]} 10. O-O {[%clk 1:33:08]} cxd4
{[%clk 1:29:27]} 11. Bxd4 {[%clk 1:33:16]} a5 {[%clk 1:28:26]} 12. Rc1
{[%clk 1:29:25]} Rc8 {[%clk 1:25:07]} 13. Be2 {[%clk 1:28:25]} Nc5
{[%clk 1:20:44]} 14. Qc2 {[%clk 1:27:34]} Nfd7 {[%clk 1:09:31]} 15. Bxg7
{[%clk 1:26:36]} Kxg7 {[%clk 1:09:55]} 16. Rcd1 {[%clk 1:24:51]} Re8 17. f4
{[%clk 1:24:12]} Qb6 {[%clk 1:00:40]} 18. Kh1 {[%clk 1:23:52]} Na6
{[%clk 0:45:55]} 19. b3 {[%clk 1:18:26]} Qc5 {[%clk 0:36:47]} 20. e5
{[%clk 1:10:56]} Nb4 {[%clk 0:36:00]} 21. Qb2 {[%clk 1:09:25]} Kg8
{[%clk 0:31:49]} 22. Bg4 {[%clk 1:07:29]} Rcd8 {[%clk 0:29:48]} 23. a3
{[%clk 1:04:35]} Nc6 {[%clk 0:27:33]} 24. Bxd7 {[%clk 1:03:40]} Rxd7
{[%clk 0:27:48]} 25. Ne4 {[%clk 0:59:18]} Qa7 {[%clk 0:25:05]} 26. Rfe1
{[%clk 0:56:43]} Red8 {[%clk 0:19:51]} 27. exd6 {[%clk 0:55:41]} f5
{[%clk 0:19:19]} 28. dxe7 {[%clk 0:52:51]} Rxd1 {[%clk 0:13:38]} 29. exd8=Q+
{[%clk 0:52:56]} Rxd8 {[%clk 0:12:52]} 30. Nf6+ {[%clk 0:53:14]} Kf7
{[%clk 0:11:03]} 31. Nxh7 {[%clk 0:53:30]} Nd4 {[%clk 0:10:46]} 32. Ng5+
{[%clk 0:53:45]} Kf8 {[%clk 0:10:57]} 33. Qf2 {[%clk 0:53:24]} Qb8
{[%clk 0:09:54]} 34. Qh4 {[%clk 0:53:30]} Qc7 {[%clk 0:09:07]} 35. Qh8#
{[%clk 0:53:01]} 1-0

[Event "MP do 16 lat - chlopcy"]
[Site "Sypniewo"]
[Date "2022.03.27"]
[Round "9.1"]
[White "Malek, Jan"]
[Black "Backiel, Hubert"]
[Result "1-0"]
[BlackElo "2075"]
[WhiteElo "2230"]
[LiveChessVersion "1.4.8"]

1. Nf3 {[%clk 1:30:58]} Nf6 {[%clk 1:28:44]} 2. b3 {[%clk 1:31:24]} d5
{[%clk 1:25:42]} 3. Bb2 {[%clk 1:31:38]} Bg4 {[%clk 1:24:21]} 4. e3
{[%clk 1:30:54]} Nbd7 {[%clk 1:24:45]} 5. Be2 {[%clk 1:31:14]} e6
{[%clk 1:22:57]} 6. h3 {[%clk 1:29:35]} Bh5 {[%clk 1:22:04]} 7. c4
{[%clk 1:29:55]} c6 {[%clk 1:21:36]} 8. O-O {[%clk 1:29:53]} Bd6 {[%clk 1:19:40]}
9. Nc3 {[%clk 1:29:57]} h6 {[%clk 1:10:26]} 10. Rc1 {[%clk 1:28:25]} O-O
{[%clk 1:10:26]} 11. Re1 {[%clk 1:24:04]} Re8 {[%clk 0:57:53]} 12. Qc2
{[%clk 1:22:01]} Bg6 {[%clk 0:57:53]} 13. d3 {[%clk 1:22:23]} Rc8
{[%clk 0:52:15]} 14. Bf1 {[%clk 1:12:53]} e5 {[%clk 0:48:20]} 15. e4
{[%clk 1:10:10]} Bb4 {[%clk 0:42:59]} 16. a3 {[%clk 1:07:52]} Bxc3
{[%clk 0:36:42]} 17. Bxc3 {[%clk 1:08:14]} dxe4 {[%clk 0:36:45]} 18. dxe4
{[%clk 1:08:36]} Qc7 {[%clk 0:30:50]} 19. b4 {[%clk 1:04:10]} c5 {[%clk 0:27:14]}
20. Nd2 {[%clk 1:00:55]} Nh7 {[%clk 0:23:48]} 21. Nb3 {[%clk 0:56:41]} Nhf8
{[%clk 0:23:26]} 22. Rcd1 {[%clk 0:55:20]} Ne6 {[%clk 0:22:47]} 23. Rd5
{[%clk 0:55:05]} Nd4 {[%clk 0:20:51]} 24. Bxd4 {[%clk 0:49:06]} cxd4
{[%clk 0:21:08]} 25. c5 {[%clk 0:48:44]} Nf6 {[%clk 0:20:13]} 26. Bc4
{[%clk 0:49:08]} b5 {[%clk 0:18:31]} 27. Bd3 {[%clk 0:49:04]} Nxd5
{[%clk 0:13:39]} 28. exd5 {[%clk 0:49:25]} Qd7 {[%clk 0:07:24]} 29. Bxg6
{[%clk 0:48:36]} fxg6 {[%clk 0:07:13]} 30. Qe4 {[%clk 0:49:00]} Qf5
{[%clk 0:06:14]} 31. d6 {[%clk 0:48:44]} Rcd8 {[%clk 0:05:58]} 32. Na5
{[%clk 0:46:38]} d3 {[%clk 0:01:35]} 33. f3 Kf7 {[%clk 0:01:15]} 34. Nc6
{[%clk 0:45:32]} Qxe4 {[%clk 0:00:37]} 35. Nxd8+ Rxd8 36. fxe4 {[%clk 0:46:03]}
a5 {[%clk 0:00:33]} 37. Rd1 {[%clk 0:46:23]} Ke6 {[%clk 0:00:37]} 38. Rxd3
{[%clk 0:46:44]} Kd7 {[%clk 0:01:05]} 39. Rd5 {[%clk 0:46:37]} axb4
{[%clk 0:00:57]} 40. axb4 {[%clk 1:16:57]} Ra8 {[%clk 0:30:45]} 41. Rxe5
{[%clk 1:17:08]} Ra4 {[%clk 0:23:58]} 42. Re7+ {[%clk 1:17:31]} Kd8
{[%clk 0:24:24]} 43. c6 {[%clk 1:17:55]} Rxb4 {[%clk 0:22:32]} 44. c7+
{[%clk 1:18:21]} 1-0